[Event "Kremennaya Barbashova Memorial"]
[Site "Kremennaya"]
[Date "2017.06.28"]
[Round "11"]
[White "Kotliar, Alexey"]
[Black "Rakhmanin, Yuri"]
[Result "1-0"]
[WhiteElo "2261"]
[BlackElo "2024"]
[PlyCount "65"]
[EventDate "2017.06.23"]
[EventType "tourn"]
[EventRounds "11"]
[EventCountry "UKR"]
[EventCategory "1"]
[SourceTitle "EXT 2018"]
[Source "ChessBase"]
[SourceDate "2017.10.13"]
[SourceVersion "1"]
[SourceVersionDate "2017.10.13"]
[SourceQuality "1"]

1. e4 c5 2. Nf3 d6 3. d4 cxd4 4. Nxd4 Nf6 5. Nc3 e6 6. Be3 Nc6 7. Qd2 Be7 8. f3 0-0 9. 0-0-0 a6 10. g4 Nxd4 11. Bxd4 b5 12. h4 Nd7 13. g5 b4 14. Na4 Rb8 15. Kb1 Bb7 16. b3 Bc6 17. Nb2 a5 18. Rg1 a4 19. h5 axb3 20. axb3 Ne5 21. Qe3 Ra8 22. f4 Qa5 23. Na4 Nd7 24. g6 Bf6 25. Bxf6 Nxf6 26. gxh7+ Kxh7 27. Bd3 Ne8 28. e5+ Kh8 29. Rxg7 Nxg7 30. f5 exf5 31. Qh6+ Kg8 32. Bxf5 Rfd8 33. Re1 1-0

[Event "Kremennaya Barbashova Memorial"]
[Site "Kremennaya"]
[Date "2017.06.25"]
[Round "4"]
[White "Rakhmanin, Yuri"]
[Black "Bakhmatsky, Vladislav"]
[Result "0-1"]
[WhiteElo "2024"]
[BlackElo "2434"]
[PlyCount "46"]
[EventDate "2017.06.23"]
[EventType "tourn"]
[EventRounds "11"]
[EventCountry "UKR"]
[EventCategory "1"]
[SourceTitle "EXT 2018"]
[Source "ChessBase"]
[SourceDate "2017.10.13"]
[SourceVersion "1"]
[SourceVersionDate "2017.10.13"]
[SourceQuality "1"]

1. e4 e5 2. Nf3 Nc6 3. Bc4 Nf6 4. Ng5 d5 5. exd5 Na5 6. Bb5+ c6 7. dxc6 bxc6 8. Qf3 Be7 9. Bxc6+ Nxc6 10. Qxc6+ Bd7 11. Qf3 0-0 12. d3 Ng4 13. Nh3 Rc8 14. Nc3 Rc6 15. 0-0 Rg6 16. Qe2 f5 17. Kh1 f4 18. f3 Nxh2 19. Kxh2 Rf5 20. Ne4 Rh5 21. Nef2 Rg3 22. Re1 Bc5 23. Bxf4 exf4 0-1

[Event "Zaporozhye Ermak Cup 7th"]
[Site "Zaporozhye"]
[Date "2011.06.28"]
[Round "5"]
[White "Onokienko, Olexandra"]
[Black "Rakhmanin, Yuri"]
[Result "0-1"]
[WhiteElo "1830"]
[BlackElo "2160"]
[PlyCount "82"]
[EventDate "2011.06.25"]
[EventType "swiss"]
[EventRounds "9"]
[EventCountry "UKR"]
[SourceTitle "CBM 143 Extra"]
[Source "ChessBase"]
[SourceDate "2011.08.29"]
[SourceVersion "1"]
[SourceVersionDate "2011.08.29"]
[SourceQuality "1"]

1. e4 c5 2. Nf3 Nc6 3. Bb5 g6 4. 0-0 Bg7 5. Bxc6 dxc6 6. d3 Nf6 7. Nbd2 0-0 8. Nc4 Be6 9. Ne3 h6 10. Qe2 Qc7 11. c3 Rad8 12. Nc2 b5 13. Be3 c4 14. d4 Nxe4 15. Ne5 Nf6 16. Nb4 Bd5 17. Na6 Qc8 18. Nc5 Ne4 19. Nxe4 Bxe4 20. Bxh6 Bxg2 21. Kxg2 Bxh6 22. Kh1 c5 23. Qe4 Qe6 24. dxc5 Rd5 25. Rfe1 Bg7 26. f4 Bxe5 27. fxe5 Rxc5 28. Rad1 Kg7 29. Re2 Rfc8 30. Qb7 Qc6+ 31. Qxc6 R8xc6 32. Rd7 Rc7 33. Rd1 R5c6 34. Rd5 a6 35. a4 Rc5 36. Rxc5 Rxc5 37. axb5 axb5 38. Kg2 g5 39. Kg3 Kg6 40. Kg4 Rd5 41. h3 Rd1 0-1

[Event "Zaporozhye Ermak Cup 7th"]
[Site "Zaporozhye"]
[Date "2011.06.25"]
[Round "1"]
[White "Kucheryavy, Vadym"]
[Black "Rakhmanin, Yuri"]
[Result "0-1"]
[WhiteElo "1545"]
[BlackElo "2160"]
[PlyCount "96"]
[EventDate "2011.06.25"]
[EventType "swiss"]
[EventRounds "9"]
[EventCountry "UKR"]
[SourceTitle "CBM 143 Extra"]
[Source "ChessBase"]
[SourceDate "2011.08.29"]
[SourceVersion "1"]
[SourceVersionDate "2011.08.29"]
[SourceQuality "1"]

1. e4 c5 2. Nc3 Nc6 3. g3 g6 4. Bg2 Bg7 5. d3 d6 6. Be3 e5 7. Nge2 Nf6 8. h3 0-0 9. 0-0 Nd4 10. f4 Be6 11. g4 Nxe2+ 12. Nxe2 exf4 13. Nxf4 Bd7 14. c3 Bc6 15. Qc2 Re8 16. Rab1 Rc8 17. Rfe1 Nd7 18. Qd2 b6 19. Bf2 Ne5 20. Kh1 Bh6 21. Be3 Qh4 22. Ne2 Bxe3 23. Qxe3 Nxg4 24. Qf3 Ne5 25. Qe3 Rcd8 26. Rf1 d5 27. d4 Nc4 28. Qc1 dxe4 29. b3 Nd6 30. dxc5 bxc5 31. Qa3 Qh5 32. Nf4 Qe5 33. Qxa7 Ra8 34. Qb6 Bb5 35. Rfd1 Qxf4 36. Rxd6 Bd3 37. Rxd3 exd3 38. Bxa8 Rxa8 39. a4 d2 40. Qc6 Rd8 41. Rd1 Qe3 42. Qg2 Qe1+ 43. Qg1 Re8 44. Rxd2 Qxd2 45. a5 Re1 46. a6 Rxg1+ 47. Kxg1 Qxc3 48. a7 Qa1+ 0-1